000 00885nas a2200289 4500
001 BR0302211
003 BR-BrBNA
005 20231205103743.0
007 ta
008 230509b bl.|||p| |||| 00| 00por d
040 _aBR-BrBNA
_bpor
_cBiblioteca Nacional de Agricultura
041 _a(Pt)
072 _aH10
100 1 _aAmaral, D.R.
100 1 _aOliveira, D.F.
100 1 _aCampos, V.P.
100 1 _aCarvalho, D.A.
245 1 _aEfeito de alguns extratos vegetais na eclosão, mobilidade, mortalidade e patogenicidade de Meloidogyne exigua do cafeeiro
650 _aCAFÉ
650 _aMELOIDOGINOSE
650 _aEXTRATO VEGETAL
650 _aMORTALIDADE
650 _aPATOGENICIDADE
773 0 _tNematologia Brasileira (Brazil)
_xISSN 0102-2997
_g(Jun 2002), v. 26(1) p. 43-48
_wBR0302211
909 _a202311
_bLúcia
_c55
_dLúcia Elande
942 _2AGRIS
_n0
_cANA
999 _c174555
_d174555